Online
Catalog

Historia moderna de la etnicidad en Guatemala. la visión hegemónica : (Record no. 12630)

MARC details
000 -CABECERA
campo de control de longitud fija 00868nam a2200241 a 4500
001 - NÚMERO DE CONTROL
campo de control 000012983
005 - FECHA Y HORA DE LA ÚLTIMA TRANSACCIÓN
campo de control 20200929163119.0
008 - DATOS DE LONGITUD FIJA--INFORMACIÓN GENERAL
campo de control de longitud fija 091118s1999 gt 001 f spa d
020 ## - NÚMERO INTERNACIONAL ESTÁNDAR DEL LIBRO
Número Internacional Estándar del Libro 999226702X
040 ## - FUENTE DE LA CATALOGACIÓN
Centro catalogador/agencia de origen DO-SdBNP
Lengua de catalogación spa
Centro/agencia transcriptor BNPHU
082 ## - NÚMERO DE LA CLASIFICACIÓN DECIMAL DEWEY
Número de clasificación G863.44
Número de documento/Ítem S161h
049 ## - FONDOS LOCALES (OCLC)
Fondos de biblioteca BNGR
100 1# - ENTRADA PRINCIPAL--NOMBRE DE PERSONA
Nombre de persona Salazar de León, José Oswaldo,
Fechas asociadas al nombre 1959-
9 (RLIN) 29931
245 10 - MENCIÓN DE TÍTULO
Título Historia moderna de la etnicidad en Guatemala. la visión hegemónica :
Resto del título Bernal Díaz del Castillo /
Mención de responsabilidad, etc. José Oswaldo Salazar de León.
260 ## - PUBLICACIÓN, DISTRIBUCIÓN, ETC.
Lugar de publicación, distribución, etc. Guatemala :
Nombre del editor, distribuidor, etc. Cultura,
Fecha de publicación, distribución, etc. 1999.
300 ## - DESCRIPCIÓN FÍSICA
Extensión 76 ;
Dimensiones 21 cm.
490 1# - MENCIÓN DE SERIE
Mención de serie IDIES
600 10 - PUNTO DE ACCESO ADICIONAL DE MATERIA--NOMBRE DE PERSONA
Nombre de persona DÍAZ DEL CASTILLO, BERNAL,
Fechas asociadas al nombre 1492-1581?
Subdivisión general CRÍTICA E INTERPRETACIÓN
9 (RLIN) 29932
650 #4 - PUNTO DE ACCESO ADICIONAL DE MATERIA--TÉRMINO DE MATERIA
Término de materia o nombre geográfico como elemento de entrada Novela guatemalteca
9 (RLIN) 5392
650 #4 - PUNTO DE ACCESO ADICIONAL DE MATERIA--TÉRMINO DE MATERIA
Término de materia o nombre geográfico como elemento de entrada Literatura indígena
Subdivisión general Historia y crítica
9 (RLIN) 29933
650 #4 - PUNTO DE ACCESO ADICIONAL DE MATERIA--TÉRMINO DE MATERIA
Término de materia o nombre geográfico como elemento de entrada Literatura guatemalteca
Subdivisión cronológica SIGLO XX
9 (RLIN) 24228
830 #0 - PUNTO DE ACCESO ADICIONAL DE SERIE-TÍTULO UNIFORME
Título uniforme IDIES
9 (RLIN) 29934
Holdings
Estado de retiro Estado de pérdida Restricciones de uso No para préstamo Código de colección Localización permanente Ubicación/localización actual Ubicación en estantería Fecha de adquisición Número de inventario Total de préstamos Signatura topográfica completa Código de barras Fecha visto por última vez Precio válido a partir de Tipo de ítem Koha
    Préstamo interno   Monografías: Libros y Folletos General General En catalogación 18.11.2009 LF1   G863.44 S161h 12983-10 25.06.2020 25.06.2020 Préstamo interno

Powered by Koha